Vista normal
Vista MARC
Entrada Personal Name
Número de registros utilizados en: 1
001 - CONTROL NUMBER
- control field: 15036
003 - CONTROL NUMBER IDENTIFIER
- control field: DLC
005 - DATE AND TIME OF LATEST TRANSACTION
- control field: 20231023113759.0
008 - FIXED-LENGTH DATA ELEMENTS
- fixed length control field: 160914n| azannaabn |a aaa c
010 ## - LIBRARY OF CONGRESS CONTROL NUMBER
- LC control number: ns2016003343
035 ## - SYSTEM CONTROL NUMBER
- System control number: (CaEvSKY)skya11178417
040 ## - CATALOGING SOURCE
- Original cataloging agency: MX-MoT
- Language of cataloging: spa
- Description conventions: rda
- Transcribing agency: Mx-PuUPA
- Modifying agency: Mx-PuUPA
100 1# - HEADING--PERSONAL NAME
- Personal name: Castrejón Mata, Carmen,
371 ## - ADDRESS
- Electronic mail address: carsais@hotmail.com
373 ## - ASSOCIATED GROUP
- Associated group: Universidad de Celaya
373 ## - ASSOCIATED GROUP
- Associated group: Universidad de Guanajuato
- Source of term: naf
374 ## - OCCUPATION
- Occupation: Autor
375 ## - GENDER
- Gender: mujer
377 ## - ASSOCIATED LANGUAGE
- Language code: spa
400 1# - SEE FROM TRACING--PERSONAL NAME
- Personal name: Mata, Carmen Castrejón
670 ## - SOURCE DATA FOUND
- Source citation: La empresa familiar como objeto de estudio, 2013:
- Information found: title page (Carmen Castrejón Mata) page 345 (Doctora en Administración (Universidad de Celaya); Es coordinadora de la licenciatura en mercadotecnia de la Universidad de Guanajuato; Correo electrónico: carsais@hotmail.com)